Tiger

Bibliographic Details
Main Author: Butterworth,Nick
Format: Book
Published: London : Hypercollins , 2006
Subjects:

MARC

LEADER 00000cam a2200000 7i4500
001 0000003692
005 20220105103949.0
008 070719
020 |a 0007119747 
090 0 0 |a JP   |b ENG (4121) 
100 1 |a Butterworth,Nick 
245 1 0 |a Tiger   |c Nick Butterworth 
260 |a London :   |b Hypercollins ,   |c 2006 
500 |a Children age 4-6 years old (yellow) 
650 0 |a Junior preschool   |x English   |x Languages 
999 |a 0000962482   |b Book   |c Children Collection   |e Perbadanan Perpustakaan Awam Johor 
999 |a 0000962483   |b Book   |c Children Collection   |e Perbadanan Perpustakaan Awam Johor 
999 |a 0000962484   |b Book   |c Children Collection   |e Perbadanan Perpustakaan Awam Johor